| 000 | 00358nam a2200157Ia 4500 | ||
|---|---|---|---|
| 003 | OSt | ||
| 005 | 20231120053450.0 | ||
| 008 | 170524s9999 xx 000 0 und d | ||
| 020 | _a9780070993877 | ||
| 040 | _cIIMT UNIVERSITY | ||
| 100 | _aKohavi Zvi | ||
| 245 | 0 | _aSwitching and Finite Automata Theory | |
| 260 | _bTMH | ||
| 260 | _c2005 | ||
| 942 |
_2ddc _c02 |
||
| 999 |
_c5014 _d5014 |
||